000 00906nam a22002297a 4500
005 20121204121658.0
008 121204t xxu||||| |||| 00| 0 eng d
010 _aENG-106265
020 _a9788184841787
_c1280.00
035 _aEN-89798
037 _bDBAD/PUB
040 _aDPL
_bEng
082 _a651.7
100 _954009
_aBhatia, Mukesh
245 _aBusiness communication :
_cby Mukesh Bhatia
_ba process of communicating in a professional manner :ethics, barriers & conflicts, tools /
260 _aNew Delhi
_bRegal Publications
_c2012
270 _aF-159 Rajouri Garden
_bNew Delhi
_e110027
300 _axii,267p.
_c24cm(Hb)
500 _aIncludes bibliographical references and index
942 _2ddc
_cEN
_mBHA
_h651.7
999 _c71829
_d71829